00481nam a2200205Ia 4500008004100000020001800041050001500059100002200074245002400096245002500120260001500145260001600160260000900176300001600185300002600201300001000227300002300237440000700260500000800267170918s9999 xx 000 0 und d a9780545103688 bS857 2007  aStilton, Geronimo aSinging sensation / cby Geronimo Stilton. aNew York : bScholastic, c2007 a107 pages : bcolor illustrations ; c19cm. eGeronimo Stilton ; a39 a560